000 00522nam a22001932 4500
001 0000002740
005 20151217154335.0
008 070419s xx 000 0 eng d
020 _a0345381432 :
040 _aKABU
_cKABU
050 0 _aPR9265.9
_b.G37D74
100 1 _aGarcia, Cristina.
_@0000152242
245 1 0 _aDreaming in Cuba :
_ba novel.
260 _aNew York :
_bBallantine Books,
_c1992.
300 _a244 p.
908 _a070419
950 _@1
999 _c10621
_d10621